[Event "49th Rilton Cup 2019-20"]
[Site "Stockholm"]
[Date "2020.01.05"]
[Round "9.12"]
[White "Miezis, Normunds"]
[Black "Koykka, Pekka"]
[Result "1/2-1/2"]
[WhiteElo "2486"]
[BlackElo "2372"]
[Annotator "TA"]
[PlyCount "61"]
[EventDate "2019.12.27"]
[EventType "swiss"]
[EventCountry "SWE"]
[SourceTitle "playchess.com"]
[Source "ChessBase"]
[SourceQuality "1"]

{[%evp 28,61,25,31,31,18,27,21,50,0,10,-36,-42,-122,-114,-148,-115,-99,-111,-121,-120,-104,0,-149,-37,-433,0,0,0,0,0,0,0,0,0,0]} 1. c4 c6 2. e4 d5 3. cxd5 cxd5 4. exd5 Nf6 5. Nf3 Nxd5 6. Nc3 e6 7. d4 Be7 8. Bd3 Nc6 9. O-O O-O 10. Bc2 Nf6 11. Re1 b6 12. Bg5 Bb7 13. a3 Nd5 14. Qd3 g6 15. Bh6 Re8 {D42: Queen's Gambit Declined: Semi-Tarrasch: 5 cxd5 Nxd5 6 e3 Nc6 7 Bd3} 16. Ne4 Rc8 17. Ba4 (17. Bb3 Bf8 18. Bxf8 Kxf8 19. Bxd5 exd5 20. Nc3 Rxe1+ 21. Rxe1 Rc7 22. Qd2 Kg7 23. h4 {1-0 (32) Demidov,M (2631)-Morozevich,A (2712) Tallinn 2019}) 17... Nf6 18. Rac1 Qd5 19. Neg5 $146 {And now Nxf7! would win.} ({Predecessor:} 19. Nc3 Qd6 20. Qd2 Red8 21. Rcd1 Qb8 22. h3 Na5 23. Qe2 {0-1 (46) Acs,P (2497)-Doettling,F (2473) Charleville Mezieres 2000}) 19... Ne5 {[%mdl 64] Pin} 20. Bxe8 ({Better is} 20. Qd2 $15 Nxf3+ 21. Nxf3) 20... Nxd3 $17 21. Bxf7+ Kh8 22. Bxe6 Rxc1 23. Nf7+ Kg8 24. Bxc1 {[#] Strongly threatening N7g5+.} Qa5 ({Inferior is} 24... Nxe1 25. Bxd5 Nxd5 26. Nh6+ Kg7 27. Nxe1 $16) (24... Qxe6 $1 $17 {[%mdl 512]} 25. Rxe6 Kxf7 26. Ng5+ Ke8) 25. b4 (25. N7e5+ $11 {was the only way to keep the balance.} Kg7 26. Nxd3) 25... Qh5 ({Black should play} 25... Qa6 $17 26. b5 Qa4 27. N7e5+ Kg7 28. Nxd3 Bxf3 29. gxf3 Qxd4) 26. Bh6 $2 {[%mdl 8192] [#]} (26. N7e5+ $15 Kg7 27. Nxd3 Bxf3 28. Nf4 (28. gxf3 Qxf3 29. Re3 Qd1+ 30. Kg2 Bd6 $11)) 26... Nxe1 $2 (26... Bd5 $1 $19 27. g4 Nxe1 28. N7e5+ Bxe6 29. gxh5 Nxf3+ 30. Nxf3 Bd5) 27. N7g5+ {The position is equal.} Kh8 28. Nf7+ Kg8 29. N7g5+ Kh8 30. Nf7+ Kg8 31. N7g5+ {Accuracy: White = 15%, Black = 10%.} 1/2-1/2

[Event "49th Rilton Cup 2019-20"]
[Site "Stockholm"]
[Date "2020.01.05"]
[Round "9.13"]
[White "Ivanov, Sergey"]
[Black "Schekachikhin, Maksim"]
[Result "0-1"]
[WhiteElo "2478"]
[BlackElo "2389"]
[Annotator "TA"]
[PlyCount "136"]
[EventDate "2019.12.27"]
[EventType "swiss"]
[EventCountry "SWE"]
[SourceTitle "playchess.com"]
[Source "ChessBase"]
[SourceQuality "1"]

{[%evp 17,136,14,26,0,16,-13,29,0,14,0,8,-21,0,-8,39,35,28,-54,-73,-102,-68,-58,-21,0,0,-16,0,-22,-25,-99,-102,-190,-187,-208,-190,-201,-214,-206,-215,-208,-207,-205,-181,-207,-183,-197,-195,-222,-165,-162,-134,-147,-145,-196,-200,-202,-149,-149,-145,-150,-144,-157,-136,-136,-136,-163,-155,-213,-166,-166,-166,-213,-158,-245,-204,-332,-312,-408,-385,-378,-377,-416,-379,-423,-425,-433,-433,-433,-433,-440,-442,-442,-425,-439,-453,-460,-457,-457,-446,-441,-434,-433,-361,-361,-354,-408,-401,-393,-343,-466,-466,-466,-466,-672,-456,-683,-622,-896,-888,-870,-799]} 1. d4 Nf6 2. c4 e6 3. Nc3 Bb4 4. e3 c5 5. Bd3 Nc6 6. Nf3 Bxc3+ 7. bxc3 d6 8. O-O e5 9. Nd2 O-O {[%cal Re5d4]} 10. Qc2 {E41: Nimzo-Indian: Rubinstein: 4...c5 5 Bd3, including Hübner Variation} (10. Re1 Bd7 11. Rb1 b6 12. Bb2 Rc8 13. a3 Ne7 14. e4 Ng6 15. g3 Re8 16. d5 Rc7 17. Nf1 Qc8 {0-1 (48) Aleksandrov,A (2571)-Tiviakov,S (2611) Minsk 2019}) 10... h6 {[%cal Re5d4]} 11. Rb1 $146 ({Predecessor:} 11. d5 Na5 12. h3 Re8 13. f4 exf4 14. exf4 b6 15. Nb3 Ba6 16. Nxa5 bxa5 {1-0 (77) Petrova,I (2117)-Vo,T (2219) Kocaeli 2013}) 11... Rb8 {[%cal Rc5d4]} 12. Re1 {White has an edge.} Bd7 13. Ba3 b6 14. Nf1 Re8 15. Ng3 Qc8 16. d5 Na5 17. Bc1 (17. e4 $11) 17... e4 $1 $15 {[%cal Re4d3]} 18. Bf1 h5 19. f3 h4 (19... exf3 {with more complications.} 20. gxf3 h4 21. Nh1 Bh3 22. Bd3 Nd7) 20. Nxe4 Nxe4 21. fxe4 Re5 22. h3 Qd8 23. Qf2 {[#]} (23. Bd3 $1 $11) 23... Qg5 $1 $17 24. Qf4 (24. Kh1 $17) 24... Bxh3 $19 25. Qxg5 Rxg5 26. e5 dxe5 27. e4 Rg6 28. Kh2 Bd7 29. Be3 Re8 30. Be2 Bg4 31. Bd3 Bc8 32. Be2 Ba6 33. Bh5 Rd6 34. Kh3 g6 35. Bf3 {[#]} (35. Be2 $17) 35... Kg7 $1 (35... Bxc4 36. Kxh4 Nb7 37. Rbd1 $17) 36. Kxh4 Rh8+ ({Don't do} 36... Bxc4 37. Kg3 $17) ({Resist} 36... Nxc4 37. Kg3 $17) 37. Kg3 Bxc4 38. Kf2 f6 ({But not} 38... Bxa2 39. Bxc5 Rd7 40. Rb2 $15) 39. a3 Bd3 40. Rbd1 Bb5 41. Rh1 Rdd8 42. g4 (42. a4 $17 Bc4 43. Be2) 42... Rxh1 43. Rxh1 g5 44. Bc1 Ba4 45. Be2 (45. Ke3 $17) 45... Nb7 46. Bd3 (46. Ke3 $142) 46... Nd6 47. Kf3 Rh8 48. Rxh8 Kxh8 {[%mdl 4096] Endgame KBB-KBN} 49. Ke2 Kg7 50. Bb1 Kf8 51. Be3 Ke7 52. Bc1 Kd8 53. Be3 Kc7 54. Bc1 Kb7 55. Be3 Ka6 56. Bd2 Bb3 57. Bc1 Kb5 58. Kd2 Ka4 59. Bd3 Ka5 60. Bb1 Ba4 61. Ke2 Bd7 62. Kf3 Nf7 63. Ba2 Ba4 {Black is clearly winning.} 64. Bb1 Bd1+ 65. Kg3 (65. Kf2 $142 Nd6 66. Bd3) 65... Nd6 66. Bd3 (66. Kf2 $142 Ka4 67. Ke1) 66... Ka4 67. Kh3 Kb3 68. c4 Bc2 {Accuracy: White = 25%, Black = 76%.} 0-1

[Event "49th Rilton Cup 2019-20"]
[Site "Stockholm"]
[Date "2020.01.05"]
[Round "9.14"]
[White "Dhulipalla Bala Chandra Prasad"]
[Black "Kucuksari, Kaan"]
[Result "1/2-1/2"]
[WhiteElo "2434"]
[BlackElo "2308"]
[Annotator "TA"]
[PlyCount "112"]
[EventDate "2019.12.27"]
[EventType "swiss"]
[EventCountry "SWE"]
[SourceTitle "playchess.com"]
[Source "ChessBase"]
[SourceQuality "1"]

{[%evp 24,112,44,36,36,47,39,51,41,39,50,50,54,55,76,78,74,68,70,14,10,0,0,0,8,2,27,-13,-13,-12,-14,-23,-20,-32,-29,-35,0,0,0,0,36,36,36,36,36,36,45,45,45,45,53,29,29,29,37,0,0,0,0,0,6,6,45,45,45,0,0,0,0,0,0,0,0,0,0,0,0,0,0,0,0,0,0,0,0,0,0,0,0,0,0]} 1. Nf3 Nf6 2. c4 c6 3. d4 d5 4. e3 g6 5. Nc3 Bg7 6. Be2 O-O 7. O-O dxc4 8. Bxc4 Bg4 9. h3 Bxf3 10. Qxf3 Nbd7 11. Rd1 e5 12. d5 e4 13. Nxe4 Ne5 {D94: Grünfeld: 4 Nf3 Bg7 5 e3} (13... Nxe4 14. Qxe4 Nb6 15. Bb3 cxd5 16. Bxd5 Nxd5 17. Rxd5 Qb6 18. Qd3 Rad8 19. e4 Bd4 20. Qf3 Rc8 21. a4 Rc2 22. a5 Qb4 {1-0 (70) Yu,Y (2738)-Bai,J (2606) Daqing 2019}) 14. Nxf6+ Bxf6 15. Qe2 Nxc4 {White is slightly better.} 16. Qxc4 cxd5 17. Rxd5 Qb6 18. Rb5 Qd6 {[#]} 19. e4 $1 Qd1+ 20. Qf1 Qc2 21. Rb4 ({White should play} 21. Bh6 $14 Rfe8 22. Rxb7) 21... Rfc8 $146 22. Be3 {Strongly threatening Rc1.} Bxb2 23. Re1 {[#] Black must now prevent Re2.} Bg7 24. Qe2 b6 25. a4 Qxe2 26. Rxe2 Bc3 27. Rb3 Rc4 28. Rc2 Rac8 29. f3 f5 30. exf5 gxf5 31. Kf1 Bd4 32. Rxc4 Rxc4 33. Bxd4 Rxd4 $14 {[%mdl 4096] Endgame KR-KR} 34. a5 bxa5 35. Rb5 f4 $1 36. Rxa5 Rd7 37. Ra4 Rf7 $1 38. Kf2 Kf8 39. g3 fxg3+ 40. Kxg3 Kg7 41. Ra6 Rb7 42. Kg4 Rb6 43. Rxa7+ Kg6 44. f4 h5+ {The position is equal.} 45. Kh4 Rb3 46. Ra5 {With the idea Rg5+.} Rf3 47. Ra6+ Kf5 48. Ra8 Kxf4 49. Ra5 Ke4 50. Rg5 Rf8 51. Rg1 Rf5 52. Ra1 $1 Ke5 53. Ra6 Ke4 54. Re6+ Re5 55. Rh6 Rf5 56. Rg6 Kf4 {Accuracy: White = 58%, Black = 68%.} 1/2-1/2

[Event "49th Rilton Cup 2019-20"]
[Site "Stockholm"]
[Date "2020.01.05"]
[Round "9.15"]
[White "Spyropoulos, Nikolaos"]
[Black "Ajay Krishna, S."]
[Result "1/2-1/2"]
[WhiteElo "2401"]
[BlackElo "2302"]
[Annotator "TA"]
[PlyCount "235"]
[EventDate "2019.12.27"]
[EventType "swiss"]
[EventCountry "SWE"]
[SourceTitle "playchess.com"]
[Source "ChessBase"]
[SourceQuality "1"]

{[%evp 12,235,2,5,26,22,33,33,41,38,38,17,55,37,37,33,47,40,42,31,102,112,100,112,101,55,55,57,48,48,72,85,86,45,46,27,27,27,18,26,45,16,160,157,156,150,205,225,262,262,311,306,352,345,338,232,232,232,232,232,232,232,232,232,232,232,232,232,232,232,232,232,232,232,232,232,232,227,227,227,232,232,232,212,232,212,212,206,206,206,206,206,206,206,206,206,206,206,206,206,206,199,199,199,199,22,29,0,199,0,29,0,206,206,206,199,206,206,214,199,247,199,199,199,232,82,189,189,189,73,76,67,67,61,82,67,82,82,82,82,82,80,75,80,77,0,78,71,90,60,75,81,83,83,83,64,97,97,105,47,97,68,74,74,85,68,70,69,68,72,181,64,83,83,104,105,105,0,173,62,181,181,181,181,181,122,173,60,60,60,60,60,60,60,60,60,60,60,60,60,60,60,60,60,60,60,60,60,60,29,60,35,60,26,60,35,53,8,8,8,8,8,8,8,8,0]} 1. e4 c5 2. Nf3 d6 3. d4 cxd4 4. Nxd4 Nf6 5. Nc3 a6 6. h3 e5 7. Nde2 h5 {B90: Sicilian Najdorf: Unusual White 6th moves, 6 Be3 Ng4 and 6 Be3 e5} 8. g3 Be7 9. Bg2 b5 {White is slightly better.} 10. Nd5 Nbd7 11. Nec3 $146 ({Predecessor:} 11. Nxe7 Qxe7 12. Bg5 Bb7 {½-½ (34) Shirov,A (2708)-Palliser,R (2453) England 2013}) 11... Bb7 12. Nxe7 Qxe7 13. Bg5 Qe6 14. h4 b4 15. Bh3 Qc4 (15... Ng4 $14 16. Nd5 Bxd5 17. exd5 Qg6) 16. Qxd6 $16 {Bxd7+ would kill now.} Qc5 17. Qxc5 Nxc5 18. Nd5 Nxd5 19. exd5 Bxd5 20. O-O Be6 21. Bg2 Rc8 22. b3 Bf5 23. a3 Bxc2 24. axb4 Nxb3 25. Rxa6 O-O 26. Re1 Rb8 (26... f6 $11) 27. Be7 $1 $36 {[%cal Re7f8][%mdl 2048] White has strong initiative.} (27. Rxe5 $6 f6 $16) 27... Rfe8 28. Bd6 Rbd8 (28... Bd3 $16 {is a better defense.}) 29. b5 $18 {[%cal Bb4b5,Bb5b6][%mdl 32]} (29. Bxe5 f6 $11) 29... Nd4 30. Bc7 $1 (30. Rxe5 Nxb5 31. Rxe8+ (31. Rxb5 Bd3 $11) 31... Rxe8 $14) 30... Rc8 31. b6 ({Weaker is} 31. Rxe5 Nxb5 32. Rxe8+ (32. Rxb5 Bd3 $17) 32... Rxe8 $14) (31. Bxe5 f6 $11) 31... Bd3 32. Ra2 e4 33. Ra4 Ne6 34. b7 ({And not} 34. Bxe4 Nxc7 35. bxc7 Rxc7 $11) 34... Rxc7 35. Ra8 Rxb7 36. Rxe8+ Kh7 37. Bxe4+ Bxe4 38. Rxe4 {[%mdl 4096] Endgame KRR-KRN} g6 39. Kg2 Kg7 40. Rc8 Rd7 41. Rb4 Nd4 42. Rbb8 Nf5 43. Rb2 Nh6 44. Rc3 Ra7 45. Rb4 Rd7 46. Ra4 Rb7 47. Kh3 Rd7 48. f3 Rb7 49. g4 hxg4+ 50. fxg4 Rd7 51. Rf4 Rd1 52. Rc2 Rh1+ 53. Rh2 $1 {[%cal Rh2h1]} Rg1 54. Rg2 Rh1+ 55. Kg3 $1 Kg8 56. Rh2 Rg1+ {[#]} 57. Kf3 $1 Rf1+ 58. Ke3 $2 (58. Rf2 $18 Rb1 59. Re2) 58... Rg1 $11 59. Kf3 $2 (59. Rh3 $11) 59... Rf1+ $1 $18 60. Kg3 $2 ({White has to play} 60. Rf2 $18 Rh1 61. Kg3) 60... Rg1+ $1 $11 61. Rg2 $2 (61. Kf2 $11 Rxg4 62. Kf3) 61... Rh1 $1 $18 62. Ra4 Kg7 63. Rc4 Kg8 64. Rb4 Kg7 65. Ra4 Kg8 66. Rh2 Rg1+ 67. Kf3 Kg7 68. h5 (68. Rb2 $18) 68... gxh5 (68... Rf1+ $16 69. Kg2 Rd1) 69. gxh5 Rf1+ 70. Ke2 (70. Rf2 $18 Rxf2+ 71. Kxf2) 70... Rf5 $16 71. Ra6 Kh7 72. Rh4 Kg7 73. Rh1 Kh7 74. Ke3 Kg7 75. Ke4 Rb5 76. Rc6 Ra5 77. Kf4 Rf5+ 78. Ke4 Ra5 $1 79. Rc3 Ra4+ 80. Ke5 Ra5+ 81. Kf4 Rf5+ 82. Ke4 Ra5 83. Rd3 Ra4+ 84. Kf3 Ra5 85. Kg3 ({Better is} 85. Rd4 $16) 85... Kh7 86. Rf3 Rg5+ 87. Kf4 Ra5 88. Re3 Rf5+ 89. Ke4 Ra5 90. Rd3 Kg7 (90... Ng4 $16 91. Rf3 f6) 91. Rh2 (91. Rg1+ $18 Kh7 92. Rh1) 91... Ra4+ {[#]} 92. Kf3 $1 Ra5 93. Rh1 Rf5+ 94. Ke4 (94. Kg2 $16) 94... Ra5 $1 $18 95. Rd4 (95. Rg1+ $18 Kh7 96. Rh1) 95... Rb5 ({Black should play} 95... Nf5 $14 96. Rg1+ Kf6) 96. Rg1+ Kh7 97. Rd5 Rb4+ 98. Ke5 (98. Kf3 $18) 98... Rb6 (98... Ng4+ $16 99. Kd6 Kh6) 99. Rd6 (99. Kf4 $18) 99... Rb5+ $1 $14 100. Kf6 {White threatens Rg7+ and mate.} Rf5+ $1 101. Ke7 Rxh5 102. Kf8 {aiming for Rg7+.} Rh2 103. Rg5 Rh1 104. Rf6 Rh2 105. Rg7+ Kh8 106. Rg3 Kh7 107. Rg1 {Hoping for Rg5.} Rh3 108. Ra6 {Threatens to win with Rg5.} Rh2 109. Rb6 Rh3 110. Rb7 Rh2 111. Rb3 {And now Rb6 would win.} Rh4 112. Rf3 {Black must now prevent Rg7+.} Rh2 113. Rgg3 {Strongly threatening Rf6.} Rh5 114. Rh3 Rxh3 {The position is equal.} 115. Rxh3 Kg6 116. Ke7 f5 117. Ke6 Kg5 118. Rf3 {Accuracy: White = 44%, Black = 61%.} 1/2-1/2

[Event "49th Rilton Cup 2019-20"]
[Site "Stockholm"]
[Date "2020.01.05"]
[Round "9.16"]
[White "Ippolito, Dean"]
[Black "Valsecchi, Alessio"]
[Result "1-0"]
[WhiteElo "2356"]
[BlackElo "2503"]
[Annotator "ChessBase"]
[PlyCount "95"]
[EventDate "2019.12.27"]
[EventType "swiss"]
[EventCountry "SWE"]
[SourceTitle "playchess.com"]
[Source "ChessBase"]
[SourceQuality "1"]
[TimeControl "30/5400+30:1800+30"]

1. d4 {[%emt 0:00:00]} d5 {[%emt 0:00:00]} 2. c4 {[%emt 0:00:00]} e6 {[%emt 0:00:00]} 3. Nf3 {[%emt 0:00:00]} Nf6 {[%emt 0:00:00]} 4. g3 {[%emt 0:00:00]} Bb4+ {[%emt 0:00:00]} 5. Bd2 {[%emt 0:00:00]} Bd6 {[%emt 0:00:03]} 6. Nc3 {[%emt 0:07:48]} c6 {[%emt 0:00:23]} 7. Qc2 {[%emt 0:00:41]} Nbd7 {[%emt 0:00:40]} 8. e4 {[%emt 0:00:53]} Nxe4 {[%emt 0:03:07]} 9. Nxe4 {[%emt 0:00:09]} dxe4 {[%emt 0:00:04]} 10. Qxe4 {[%emt 0:01:18]} c5 {[%emt 0:00:11]} 11. Bc3 {[%emt 0:06:03]} Nf6 {[%emt 0:00:53]} 12. Qc2 {[%emt 0:07:50]} cxd4 {[%emt 0:03:18]} 13. Nxd4 {[%emt 0:00:51]} a6 {[%emt 0:00:19]} 14. Bg2 {[%emt 0:01:32]} O-O {[%emt 0:00:19]} 15. O-O {[%emt 0:00:51]} Qc7 {[%emt 0:00:33]} 16. b3 {[%emt 0:01:54]} Bd7 {[%emt 0:04:20]} 17. a4 {[%emt 0:05:22]} Rac8 {[%emt 0:05:17]} 18. a5 {[%emt 0:02:50]} Rfe8 {[%emt 0:03:48]} 19. Rfe1 {[%emt 0:12:13]} Bc5 {[%emt 0:14:28]} 20. Nf3 {[%emt 0:07:32]} Ng4 {[%emt 0:02:29]} 21. Re2 {[%emt 0:10:44]} Bc6 {[%emt 0:09:15]} 22. Ng5 {[%emt 0:08:00]} f5 {[%emt 0:04:15]} 23. Nxe6 {[%emt 0:01:15]} Rxe6 {[%emt 0:00:27]} 24. Rxe6 {[%emt 0:00:05]} Bxf2+ {[%emt 0:07:09]} 25. Kh1 {[%emt 0:00:16]} Qf7 {[%emt 0:02:35]} 26. Bxc6 {[%emt 0:09:32]} Qh5 {[%emt 0:03:00]} 27. h4 {[%emt 0:00:46]} bxc6 {[%emt 0:10:27]} 28. Qd3 {[%emt 0:01:44]} Bxg3 {[%emt 0:00:23]} 29. Qxg3 {[%emt 0:00:31]} f4 {[%emt 0:00:07]} 30. Qe1 {[%emt 0:03:58]} Ne3 {[%emt 0:00:21]} 31. Rxe3 {[%emt 0:30:36]} fxe3 {[%emt 0:30:07]} 32. Qg3 {[%emt 0:00:05]} g6 {[%emt 0:01:50]} 33. Qxe3 {[%emt 0:04:26]} Qxh4+ {[%emt 0:00:08]} 34. Kg2 {[%emt 0:00:13]} Qg4+ {[%emt 0:00:16]} 35. Qg3 {[%emt 0:00:26]} Qe4+ {[%emt 0:04:02]} 36. Kg1 {[%emt 0:00:07]} Rf8 {[%emt 0:01:34]} 37. Re1 {[%emt 0:00:11]} Qf5 {[%emt 0:00:19]} 38. Bd4 {[%emt 0:01:46]} h5 {[%emt 0:05:42]} 39. Re7 {[%emt 0:02:58]} Rd8 {[%emt 0:00:06]} 40. Bf2 {[%emt 0:02:58]} Rf8 {[%emt 0:04:02]} 41. b4 {[%emt 0:00:00]} Qc2 {[%emt 0:00:00]} 42. c5 {[%emt 0:00:00]} Qb1+ {[%emt 0:00:00]} 43. Re1 {[%emt 0:00:00]} Qc2 {[%emt 0:00:00]} 44. Qe3 {[%emt 0:00:00]} Qb2 {[%emt 0:00:00]} 45. Qe6+ {[%emt 0:00:00]} Kg7 {[%emt 0:00:00]} 46. Qd7+ {[%emt 0:00:00]} Kh6 {[%emt 0:00:00]} 47. Be3+ {[%emt 0:00:00]} g5 {[%emt 0:00:00]} 48. Bd4 {[%emt 0:00:00]} 1-0

[Event "49th Rilton Cup 2019-20"]
[Site "Stockholm"]
[Date "2020.01.05"]
[Round "9.17"]
[White "Hobber, Anders"]
[Black "Pavlovic, Milos"]
[Result "0-1"]
[WhiteElo "2357"]
[BlackElo "2480"]
[Annotator "TA"]
[PlyCount "66"]
[EventDate "2019.12.27"]
[EventType "swiss"]
[EventCountry "SWE"]
[SourceTitle "playchess.com"]
[Source "ChessBase"]
[SourceQuality "1"]

{[%evp 21,66,0,-1,-8,-8,-16,-5,-8,0,-16,0,-6,0,-6,0,6,8,10,13,-10,-6,-2,0,0,-2,-58,-68,-69,-75,-79,-71,-113,-115,-117,-113,-107,-80,-76,-69,-120,-114,-122,-121,-247,-177,-436,-411]} 1. d4 e6 2. Nf3 c5 3. c3 d5 4. Bf4 Bd6 5. Bxd6 Qxd6 6. e3 Nf6 7. Nbd2 O-O 8. Be2 Nc6 9. O-O e5 10. dxe5 Nxe5 11. Nxe5 Qxe5 12. Qa4 {D02: 1 d4 d5 2 Nf3 sidelines, including 2...Nf6 3 g3 and 2...Nf6 3 Bf4} Rd8 $146 ({Predecessor:} 12... Bd7 13. Qh4 Rfe8 14. Rfd1 Bf5 15. Nf3 Qc7 16. Bd3 Bd7 17. Rac1 Bc6 18. b3 h6 19. Qg3 Qxg3 20. hxg3 {0-1 (30) Schwaninger,W (2210)-Kosten,A (2542) Austria 2006}) 13. Rad1 Bf5 14. Rfe1 {The position is equal.} h6 15. h3 Qc7 16. Bf3 Be6 17. Nf1 Rd6 18. Qf4 Rad8 19. Ng3 Qe7 20. Nf5 Bxf5 $1 21. Qxf5 g6 22. Qf4 Kg7 23. Qa4 (23. c4 $11) 23... Ra6 $36 {[%mdl 2048] Black fights for an advantage.} 24. Qb3 c4 25. Qc2 Rxa2 26. Rd4 Rd6 {[%cal Bd8d6,Bd6b6,Bb6a6,Ba6a2][%mdl 32]} 27. Qb1 {[#]} Ra5 $1 28. Red1 Rb5 29. R1d2 Qe5 30. g3 ({White should play} 30. Qd1 $15) 30... Rdb6 $17 31. Qa2 Qf5 32. Rf4 (32. Bg4 $17 Nxg4 33. hxg4) 32... Ra6 33. Rxf5 $2 {[#]} (33. Qxa6 {only move.} Qb1+ {[%mdl 64] Double Attack} 34. Rd1 Qxd1+ 35. Bxd1 bxa6 36. Rd4) 33... Rxa2 {Accuracy: White = 24%, Black = 77%.} 0-1

[Event "49th Rilton Cup 2019-20"]
[Site "Stockholm"]
[Date "2020.01.05"]
[Round "9.18"]
[White "Bellia, Fabrizio"]
[Black "Vestby-Ellingsen, Mads"]
[Result "1/2-1/2"]
[WhiteElo "2438"]
[BlackElo "2329"]
[Annotator "TA"]
[PlyCount "75"]
[EventDate "2019.12.27"]
[EventType "swiss"]
[EventCountry "SWE"]
[SourceTitle "playchess.com"]
[Source "ChessBase"]
[SourceQuality "1"]

{[%evp 25,75,0,0,0,0,0,0,-1,-17,-12,-14,-54,-58,-91,-41,-18,-13,-19,-4,-43,-20,-27,-23,-62,-11,-20,-14,-25,-22,-25,-26,-33,-6,-18,-12,-16,-16,-10,0,0,0,0,0,0,0,0,0,0,0,0,0,0]} 1. e4 c5 2. Nf3 e6 3. d4 cxd4 4. Nxd4 Nc6 5. Nc3 Qc7 6. Be2 Nf6 7. O-O Be7 8. Be3 d6 9. f4 O-O 10. Qe1 Nxd4 11. Bxd4 e5 12. fxe5 dxe5 13. Qg3 Bc5 14. Bxc5 {B83: Sicilian Scheveningen: 6 Be2, lines without ...a6} Qxc5+ 15. Kh1 {[#] aiming for Rxf6.} Kh8 16. Qh4 {Threatens to win with Rxf6.} Ng8 17. Rad1 Be6 {[#]} 18. Rd2 $146 ({Predecessor:} 18. h3 Qb4 19. Rb1 Rad8 20. a3 Qc5 21. Bd3 Ne7 {1-0 (64) Kamsky,G (2756)-Manea,A (2415) Brasov 2011}) 18... Qb4 19. Qg3 Qxb2 20. Rb1 Qa3 21. Qxe5 Ne7 22. Nd5 Ng6 23. Qd4 b6 24. c4 Qd6 (24... Rfd8 $15) 25. a4 $11 Rfc8 26. a5 bxa5 27. Rb5 a4 28. Ra5 Qe5 29. Qxe5 {The position is equal.} Nxe5 30. Rxa4 Rab8 31. Kg1 Rb1+ 32. Kf2 Rc1 33. Ne3 h6 34. Rxa7 Nxc4 35. Bxc4 Bxc4 36. Nxc4 R1xc4 37. Rxf7 Rxe4 38. Re2 {Accuracy: White = 54%, Black = 54%.} 1/2-1/2

[Event "49th Rilton Cup 2019-20"]
[Site "Stockholm"]
[Date "2020.01.05"]
[Round "9.19"]
[White "Sidhant, Mohapatra"]
[Black "Oratovsky, Michael"]
[Result "1-0"]
[WhiteElo "2346"]
[BlackElo "2423"]
[Annotator "TA"]
[PlyCount "61"]
[EventDate "2019.12.27"]
[EventType "swiss"]
[EventCountry "SWE"]
[SourceTitle "playchess.com"]
[Source "ChessBase"]
[SourceQuality "1"]

{[%evp 11,61,37,45,37,48,20,39,26,96,71,82,68,75,45,44,43,55,42,54,43,43,0,0,0,0,-18,0,2,9,-2,0,-4,109,94,68,78,271,182,233,235,235,235,292,165,277,268,257,239,301,290,2051,1948]} 1. e4 d6 2. d4 Nf6 3. Nc3 e5 4. dxe5 dxe5 5. Qxd8+ Kxd8 6. Nf3 Bd6 7. Be3 {B07: Pirc Defence: Miscellaneous Systems} Ng4 (7... a6 8. O-O-O Nbd7 9. h3 Ke7 10. Nd2 b5 11. f3 Bc5 12. Bg5 c6 13. Nb3 Bb6 14. Kb1 h6 {½-½ (58) Hovhannisyan,R (2637)-Khismatullin,D (2621) St Petersburg 2018}) 8. Bg5+ f6 9. Bd2 $146 {White is slightly better.} ({Predecessor:} 9. Bh4 Be6 10. O-O-O Ke7 11. Nb5 Nc6 12. Nxd6 cxd6 13. Be2 Rac8 14. Rd2 Nh6 {0-1 (40) Almiron,A (2307)-Franco Ocampos,Z (2507) Asuncion 2015}) 9... h5 (9... Bc5 $11) 10. h3 Nh6 11. Bc4 c6 12. O-O-O {Hoping for Bxh6.} Kc7 13. Be3 Nd7 14. Rd2 Nf8 15. Rhd1 Be7 16. a4 a5 17. Ne2 g5 18. h4 g4 19. Ne1 Ng6 20. Ng3 Nxh4 21. Nxh5 {next Ng7 is good for White.} N6f5 (21... f5 $11) 22. exf5 $16 {Be6 is the strong threat.} Rxh5 23. Be6 $36 {[%mdl 2048] White has strong initiative.} Rh7 $2 (23... Bxe6 $16 24. fxe6 Re8) 24. g3 Nf3 (24... Bb4 {is a better defense.}) 25. Nxf3 $18 gxf3 {[#]} 26. Bxc8 $1 Rxc8 27. Rd7+ Kb8 28. Bb6 Re8 29. Bxa5 Rhh8 30. Bb6 Rh5 $2 {[#]} (30... e4 31. c3 e3) 31. Rxe7 $1 {[%mdl 512] Accuracy: White = 65%, Black = 52%.} 1-0